Riziká spojené so zásahom na elektromobile a odporúčania pre bezpečný postup
Salvato in:
| Autore principale: | |
|---|---|
| Altri autori: | |
| Natura: | Manoscritto Libro |
| Lingua: | slovacco |
| Pubblicazione: |
2024
|
| Soggetti: | |
| Accesso online: | http://is.stuba.sk/zp/portal_zp.pl?podrobnosti=178046 |
| Tags: |
Nessun Tag, puoi essere il primo ad aggiungerne!!
|
MARC
| LEADER | 00000ntm a22000003a 4500 | ||
|---|---|---|---|
| 001 | stuzp99399 | ||
| 003 | SK-STU | ||
| 005 | 20240608213037.4 | ||
| 007 | ta | ||
| 008 | 150427s2015----xo-----f-mn---000-0-slo-d | ||
| 040 | |a STU |b slo | ||
| 041 | 0 | |a slo | |
| 100 | 1 | |a Kemka, David |u 065000 |4 aut |U MTF Materiálovotechnologická fakulta |T MTF Ústav integrovanej bezpečnosti |X 103317 |U M5000 |Y 85 |7 103317 | |
| 242 | 0 | 1 | |a Risks associated with intervention on an electric car and recommendations for a safe workflow |y eng |
| 245 | 1 | 0 | |a Riziká spojené so zásahom na elektromobile a odporúčania pre bezpečný postup |
| 260 | |c 2024 | ||
| 650 | 4 | |a elektrické vozidlo |2 slo | |
| 650 | 4 | |a vysoko napäťová batéria |2 slo | |
| 650 | 4 | |a dobrovoľný hasičský zbor |2 slo | |
| 650 | 4 | |a hasiči |2 slo | |
| 650 | 4 | |a požiar |2 slo | |
| 650 | 4 | |a electric vehicle |2 eng | |
| 650 | 4 | |a high voltage battery |2 eng | |
| 650 | 4 | |a volunteer fire department |2 eng | |
| 650 | 4 | |a firefighters |2 eng | |
| 650 | 4 | |a fire |2 eng | |
| 700 | 1 | |a Martinka, Jozef |u 065300 |k Z1 |4 ths |U MTF Ústav integrovanej bezpečnosti |T MTF Katedra požiarneho inžinierstva |X 45163 |U M5300 |Y 193 |7 A000045163 | |
| 856 | 4 | |u http://is.stuba.sk/zp/portal_zp.pl?podrobnosti=178046 | |
| 996 | |c M* DP-15353 |l MMSKP |s P |a 0 |w stuzp99399_0001 | ||